Tilastot visalle Karttakoe - Afrikka

Klikkaa tästä pelataksesi tätä visaa!

Yleistilastot

  • Tätä visaa on pelattu 795 kertaa
  • Keskiarvotulos 13 / 19

Vastaukset kartalla

Vastauksille on annettu kartalla punavihreä väri sen mukaan, kuinka moni on saanut sen oikein.
 

Vastaustilastot

Vastaus% Oikein
Egypti
92%
Etelä Afrikka
85%
Madagascar
84%
Morokko
81%
Kongon demokraattinen tasavalta
80%
Algeria
78%
Tunisia
73%
Etiopia
70%
Sudan
70%
Mali
65%
Kenia
64%
Niger
64%
Tsad
63%
Mosambik
61%
Tansania
59%
Botswana
58%
Uganda
58%
Nigeria
57%
Zimbabwe
53%

Tulosjakauma

Persentiili vastausten määrän mukaan

Jokaisen tuloksen saaneiden osuus

Tuloshistoriasi

Et ole pelannut tätä visaa